A carregar...
Kaadinte vili /
| Autor principal: | |
|---|---|
| Formato: | Printed Book |
| Idioma: | Malayalam |
| Publicado em: |
Kottayam :
D.C. Books ,
2002.
|
| Edição: | 2nd. ed. |
| LEADER | 00546nam a2200169Ia 4500 | ||
|---|---|---|---|
| 008 | 150624b xxu||||| |||| 00| | mal d | ||
| 020 | |a 8126405171 | ||
| 082 | |a 813.4L1 | ||
| 100 | |a London, Jack | ||
| 245 | |c Jack London |a Kaadinte vili / | ||
| 250 | |a 2nd. ed. | ||
| 260 | |a Kottayam : |b D.C. Books , |c 2002. | ||
| 300 | |a 75 p. | ||
| 546 | |a In Malayalam. | ||
| 942 | |c BK | ||
| 999 | |c 84474 |d 84474 | ||
| 952 | |0 0 |1 0 |4 0 |6 813_000000000000000_4L1_CAL |7 0 |9 84418 |a UL |b UL |c ST1 |d 2003-06-12 |e CUB |l 6 |m 1 |o 813.4L1 CAL |p 77223 |r 2019-04-24 |s 2019-03-19 |v 33.00 |w 2012-10-27 |y BK | ||